000 00601nai a2200181Ia 4500
003 IN-BaIIA
008 211028c9999 xx s 000 0 eng d
022 _a1674-7348 (Print)
022 _a1869-1927 (Online)
040 _cIIA Library
245 0 _aScience China Physics, Mechanics and Astronomy
_h[eJournal]
260 _aBeijing, China
_bScience China Press
310 _aMonthly
362 _a46(1); 2003 - Present
521 _bSubscribed through National Knowledge Resource Consortium (NKRC)
856 _uhttps://www.springer.com/journal/11433
_yClick Here to Access eJournal
942 _cEJ
999 _c35679
_d35679